|
|
|
|
| LEADER |
00000nam0a2200000 4500 |
| 001 |
297707 |
| 005 |
20231102001032.0 |
| 035 |
|
|
|a (RuTPU)RU\TPU\book\322841
|
| 090 |
|
|
|a 297707
|
| 100 |
|
|
|a 20150610d1971 k y0rusy50 ca
|
| 101 |
0 |
|
|a rus
|
| 102 |
|
|
|a RU
|
| 105 |
|
|
|a a z 001zy
|
| 200 |
1 |
|
|a Вопросы гигиены труда на урановых рудниках и обогатительных предприятиях
|e [сборник статей]
|f под ред. Г. М. Пархоменко , О. С. Андреевой , В. И. Бадьина
|
| 210 |
|
|
|a Москва
|c Атомиздат
|d 1971
|
| 215 |
|
|
|a 120 с.
|c ил.
|
| 320 |
|
|
|a Библиогр. в конце статей
|
| 606 |
1 |
|
|a Урановые рудники
|2 stltpush
|3 (RuTPU)RU\TPU\subj\63197
|9 80228
|
| 606 |
1 |
|
|a Гигиена труда в различных отраслях производства
|2 stltpush
|3 (RuTPU)RU\TPU\subj\6456
|9 34338
|
| 610 |
1 |
|
|a обогатительные предприятия
|
| 610 |
1 |
|
|a радиационная безопасность
|
| 610 |
1 |
|
|a дозиметрический контроль
|
| 610 |
1 |
|
|a технологические схемы
|
| 610 |
1 |
|
|a радиоактивные отходы
|
| 675 |
|
|
|a 622.349
|v 4
|
| 675 |
|
|
|a 613.6
|v 4
|
| 702 |
|
1 |
|a Пархоменко
|b Г. М.
|4 340
|
| 702 |
|
1 |
|a Андреева
|b О. С.
|4 340
|
| 702 |
|
1 |
|a Бадьин
|b В. И.
|4 340
|
| 801 |
|
1 |
|a RU
|b 63413507
|c 20150610
|
| 801 |
|
2 |
|a RU
|b 63413507
|c 20150617
|g RCR
|
| 942 |
|
|
|c BK
|